000 00345nam a2200133Ia 4500
008 200103s9999||||xx |||||||||||||| ||und||
040 _aIMU-MPC
082 _aColumn-8
100 _aVeinott, Cyril G.
245 0 _aTheory and design of small induction motors
260 _bMcGraw-Hill Book Company, Inc.
_c1959
300 _axv, 477
942 _cBK
999 _c3999
_d3999